000 00384nam a2200157Ia 4500
008 221030s9999 xx 000 0 und d
020 _a8178082888
041 _aEnglish
082 _a105.23
_bBay
100 _aD. L. Bayles
245 0 _aE- Commerce Logistics & Fulfillment
260 _bPearson Education
_aDelhi
_c2001
300 _a348
650 _aMBA Computers
942 _cBK
999 _c2378
_d2378